| 000 | 01114nac a22003251u 4500 | ||
|---|---|---|---|
| 006 | m||||f ||z| 00| 0 | ||
| 008 | 090302t2006 maua fr 001 0 eng d | ||
| 010 | _a 2005010054 | ||
| 020 | _a1584503815 (hardcover with cd-rom : alk. paper) | ||
| 020 | _a9781584503811 | ||
| 035 | _a(OCoLC)ocm59401093 | ||
| 040 |
_aEG-ScBUE _beng _cEG-ScBUE |
||
| 082 | 0 | 4 |
_a621.3822 _bBOU |
| 100 | 1 | _aBoulet, Benoit, | |
| 245 | 1 | 0 |
_aFundamentals of signals and systems / _cBenoit Boulet. |
| 250 | _a1st ed. | ||
| 260 |
_aHingham, Mass. : _bDa Vinci Engineering Press, _cc. 2006. |
||
| 300 |
_axvii, 670 p. : _bill. ; _c25 cm + _e1 CD-ROM (4 3/4 in.). |
||
| 500 | _aIndex: p.665-670. | ||
| 590 | _aMohamed Hussein | ||
| 650 | 0 |
_aSignal processing. _2BUEsh |
|
| 650 | 0 |
_aSignal generators. _2BUEsh |
|
| 650 | 0 |
_aElectric filters. _2BUEsh |
|
| 650 | 0 |
_aSignal detection. _2BUEsh _923315 |
|
| 650 | 0 |
_aSystem analysis. _2BUEsh |
|
| 651 | _2BUEsh | ||
| 653 |
_bENGELC _cAugust2015 |
||
| 856 | 4 | 1 |
_3Table of contents _uhttp://www.loc.gov/catdir/toc/ecip0511/2005010054.html |
| 942 |
_cBB _k621.3822BEN _2ddc |
||
| 999 |
_c4955 _d4955 |
||